000 01116nam a2200289 a 4500
001 BRCA_945
005 20190320203222.0
008 040813s2003 mx-a---##b---#000-0dspa-#
020 _a968587400X
040 _aDLC
_cDLC
_dDLC
041 _aspa
050 4 _aNA7515.M4
_b.C37 2003
245 1 0 _aLas casas que cuentan una historia
_cprólogo Guillermo Tovar de Teresa ; presentaciones Liwy Grazioso Sierra ... [et al.] ; textos Alejandro Rosas ; fotografía Ignacio Urquiza, José Ignacio González Manterola.
260 _aMéxico
_bCasas GEO
_c2003
300 _a365 p.
_bil. a color, mapas
_c31 cm.
500 _aIncluye referencias iconográficas
504 _aBibliografía: p. 353-355
650 1 4 _aMonumentos históricos
_xHistoria
_zMéxico
_93125
650 1 4 _aMonumentos históricos
_vTrabajos Ilustrados
_zMéxico
_93126
651 4 _aMéxico
_xHistoria
_9614
651 4 _aMéxico
_vBiografía
_93127
700 1 _aRosas, Alejandro
_d1969-
_93128
700 1 _aUrquiza, Ignacio
_93129
700 1 _aGonzález Manterola, José Ignacio
_92339
700 1 _aTovar de Teresa, Guillermo
_93098
942 _2lcc
_cB
999 _c834
_d834